000 00587nam a2200229Ia 4500
003 OSt
005 20221005123957.0
006 a|||||r|||| 00| 0
007 ta
008 221004b |||||||| |||| 00| 0 san d
024 _a51288
037 _cTextual
040 _aCRL
_cCRL
_bsan
041 _2san
_asan
082 _aQ2:4x1:1:2, 15E3
100 _aManu
245 0 _aManu smriti with the comm by Kulluka Bhatta ed by Pranajivana Sharma
260 _c1913
650 _aRELIGION
942 _hQ2:4x1:1:2, 15E3
_cTEXL
_2cc
999 _c1049104
_d1049104